Vista normal Vista MARC

Entrada Nombre Personal

Número de registros utilizados en: 4

001 - NUMERO DE CONTROL

  • control field: 2039

003 - IDENTIFICADOR DEL NÚMERO DE CONTROL

  • control field: AR-RoUNA

005 - FECHA Y HORA DE LA ÚLTIMA TRANSACCIÓN

  • control field: 20250903082723.0

008 - ELEMENTOS DE DATOS DE LONGITUD FIJA

  • fixed length control field: 141016|| acz|||||| | a|c d

010 ## - NÚMERO DE CONTROL DE LA BIBLIOTECA DEL CONGRESO

  • LC control number: nr 93031085

040 ## - FUENTE DE CATALOGACIÓN

  • Original cataloging agency: AR-RoUNA

100 1# - ENCABEZADO--NOMBRE PERSONAL

  • Nombre personal: Comas, Carlos Eduardo
  • Fechas asociadas con un nombre: 1943-

370 ## - LUGAR ASOCIADO

  • País asociado : Santana do Livramento (Brasil)

373 ## - GRUPO ASOCIADO

  • Grupo asociado: Universidade Federal do Rio Grande do Sul
  • Fuente de término: naf

377 ## - LENGUAJE ASOCIADO

  • Código de lengua: por

400 1# - REFERENCIA DE ENVIO “VEASE” - NOMBRE PERSONAL

  • Nombre personal: Dias Comas, Carlos Eduardo

400 1# - REFERENCIA DE ENVIO “VEASE” - NOMBRE PERSONAL

  • Nombre personal: Comas, Carlos Eduardo Dias

670 ## - FUENTE EN LA QUE SE LOCALIZARON DATOS

  • Cita fuente: Projeto Arquitetônico, 1986:
  • Información encontrada: t.p. (Carlos Eduardo Comas) p. 5 (architect, professor at UFRGS, Universidade Federal do Rio Grande do Sul)

670 ## - FUENTE EN LA QUE SE LOCALIZARON DATOS

  • Cita fuente: La casa latinoamericana moderna, c2003:
  • Información encontrada: t.p. (Carlos Eduardo Dias Comas)

670 ## - FUENTE EN LA QUE SE LOCALIZARON DATOS

  • Cita fuente: $a Arquiteturas cisplatinas, 2004:
  • Información encontrada: t.p. (Carlos Eduardo Comas) back flap (Carlos Eduardo Dias Comas; b. 1943 in Santana do Livramento)